000 00322nam a22001457a 4500
008 180919b xxu||||| |||| 00| 0 eng d
020 _a0070711348
041 _aeng
080 _27th
_a61
082 _a61
100 _a3
101 _aSHM
245 _aPrinciples of Internal Medicine
_cWintrobe,M.M
942 _2udc
_cBK
999 _c47982
_d47982